Normal view
MARC view
Entry Uniform Title
001 - CONTROL NUMBER
- control field: 53762
003 - CONTROL NUMBER IDENTIFIER
- control field: dpl
005 - DATE AND TIME OF LATEST TRANSACTION
- control field: 20121123152754.0
008 - FIXED-LENGTH DATA ELEMENTS
- fixed length control field: 121123|||a|||||| | ||| d
040 ## - CATALOGING SOURCE
- Original cataloging agency: dpl
- Transcribing agency: dpl
130 ## - HEADING--UNIFORM TITLE
- Uniform title: Aditi and her friends
670 ## - SOURCE DATA FOUND
- Source citation: Work cat.: (dpl)59565: Namjoshi, Suniti 53761, Aditi and the one-eyed monkey / , 2000
670 ## - SOURCE DATA FOUND
- Source citation: Work cat.: (dpl)59565: Namjoshi, Suniti 53761, Aditi and the one-eyed monkey / , 2000
